Liverpool Goalscorers 2024/2025 - Statistics

General Stats
  • This quiz has been taken 21 times
  • The average score is 12 of 14
Answer Stats
Goals Players % Correct
18 Cody Gakpo
100%
8 Dominik Szoboszlai
100%
34 Mohamed Salah
100%
4 Trent Alexander-Arnold
100%
5 Virgil van Dijk
100%
7 Alexis Mac Allister
95%
7 Darwin Núñez
95%
17 Luis Díaz
95%
9 Diogo Jota
90%
2 Ibrahima Konaté
90%
3 Curtis Jones
80%
5 Harvey Elliott
80%
2 Federico Chiesa
75%
1 Jayden Danns
40%
No matching quizzes found
Score Distribution
Percent of People with Each Score
Percentile by Number Answered
Your Score History
You have not taken this quiz